[Event "Warsaw Najdorf Memorial op-B"]
[Site "Warsaw"]
[Date "2023.07.16"]
[Round "6"]
[White "Gunnarsson, Helgi Petur"]
[Black "Lewandrowski, Tomasz"]
[Result "0-1"]
[WhiteElo "1723"]
[BlackElo "1849"]
[PlyCount "115"]
[EventDate "2023.07.11"]
[EventType "swiss"]
[EventRounds "9"]
[EventCountry "POL"]
[SourceTitle "EXT 2024"]
[Source "ChessBase"]
[SourceDate "2023.10.10"]
[SourceVersion "1"]
[SourceVersionDate "2023.10.10"]
[SourceQuality "1"]

1. e4 c5 2. Nc3 Nc6 3. Bb5 Nd4 4. Bc4 e6 5. Nf3 a6 6. a4 b6 7. Nxd4 cxd4 8. Ne2 Bc5 9. d3 Bb7 10. 0-0 Ne7 11. Bb3 Qc7 12. Bf4 e5 13. Bg3 g5 14. c3 Qd6 15. Bxf7+ Kxf7 16. b4 Bxb4 17. cxb4 Ng6 18. Qb3+ Qe6 19. Qxe6+ Kxe6 20. f3 Rhc8 21. Rfc1 Rxc1+ 22. Rxc1 Bc6 23. a5 bxa5 24. bxa5 Bb5 25. Rc5 Bxd3 26. Kf2 h5 27. Nxd4+ exd4 28. Rxg5 h4 29. Rxg6+ Kf7 30. Rd6 hxg3+ 31. Kxg3 Rg8+ 32. Kf2 Bb5 33. Rxd4 Rc8 34. Rd2 Rc3 35. Ra2 Bc6 36. Ra1 Kf6 37. Ra2 Ke6 38. g3 Ke5 39. h4 Bb5 40. Kg2 Bc4 41. Rd2 Be6 42. Rf2 Rc5 43. g4 Kf4 44. h5 Rxa5 45. h6 Rc5 46. Rb2 Rc8 47. Rb6 Rh8 48. Rxa6 Rxh6 49. Ra8 Rg6 50. Kf2 Rg8 51. Ra3 Rb8 52. Rc3 Rb2+ 53. Kf1 Rh2 54. Kg1 Rh3 55. Kg2 Bxg4 56. Rc8 Rg3+ 57. Kh2 Rxf3 58. Kg2 0-1

[Event "Warsaw Maciei Memorial"]
[Site "Warsaw"]
[Date "2023.07.10"]
[Round "3"]
[White "Lewandrowski, Tomasz"]
[Black "Chomczyk, Marek"]
[Result "1-0"]
[WhiteElo "1849"]
[BlackElo "2277"]
[PlyCount "103"]
[EventDate "2023.07.10"]
[EventType "swiss (blitz)"]
[EventRounds "11"]
[EventCountry "POL"]
[SourceTitle "CBM 215 Extra"]
[Source "ChessBase"]
[SourceDate "2023.09.30"]
[SourceVersion "1"]
[SourceVersionDate "2023.09.30"]
[SourceQuality "1"]

1. e4 c5 2. Nf3 Nc6 3. Bb5 d6 4. 0-0 Bd7 5. Re1 e5 6. c3 Be7 7. d4 Qc7 8. d5 Nd8 9. Bf1 h5 10. b4 h4 11. h3 cxb4 12. cxb4 Rc8 13. Be3 b5 14. Nbd2 a6 15. Bd3 Qc3 16. Qb1 a5 17. Rc1 Qxb4 18. Qxb4 axb4 19. Rxc8 Bxc8 20. Bxb5+ Bd7 21. Bxd7+ Kxd7 22. Rb1 f5 23. Rxb4 Nf6 24. exf5 Nxd5 25. Rg4 Bf6 26. Ne4 Nxe3 27. fxe3 d5 28. Nxf6+ gxf6 29. Nxh4 Nc6 30. Ra4 e4 31. Ng6 Rb8 32. Nf4 Kd6 33. Ra3 Ke5 34. Rc3 Rb1+ 35. Kh2 Nb4 36. a3 Na2 37. Rc2 Nc1 38. g4 d4 39. Rc5+ Kd6 40. Rd5+ Kc6 41. Rxd4 Rb2+ 42. Kg3 Rb3 43. Rxe4 Rxa3 44. Re6+ Kc5 45. Rxf6 Rxe3+ 46. Kh4 Kd4 47. Kg5 Nb3 48. Rd6+ Kc5 49. Re6 Rc3 50. f6 Nd4 51. f7 Rf3 52. f8Q+ 1-0

[Event "Polanica Zdroj op-D 58th"]
[Site "Polanica Zdroj"]
[Date "2022.08.21"]
[Round "9"]
[White "Lewandrowski, Tomasz"]
[Black "Klisowski, Bartosz"]
[Result "1-0"]
[WhiteElo "1902"]
[BlackElo "1595"]
[PlyCount "149"]
[EventDate "2022.08.13"]
[EventType "swiss"]
[EventRounds "9"]
[EventCountry "POL"]
[SourceTitle "CBM 210 Extra"]
[Source "ChessBase"]
[SourceDate "2022.11.30"]
[SourceVersion "1"]
[SourceVersionDate "2022.11.30"]
[SourceQuality "1"]

1. d4 Nf6 2. Nf3 g6 3. Nc3 d5 4. Bf4 c5 5. e3 cxd4 6. exd4 a6 7. Qd2 h5 8. Ne5 Bf5 9. f3 Nc6 10. Nxc6 bxc6 11. Bd3 Bxd3 12. Qxd3 Nd7 13. 0-0 Qb6 14. Rfe1 e6 15. Rad1 Be7 16. Kh1 Rc8 17. b3 c5 18. Qe2 Nf6 19. Be5 0-0 20. Bxf6 Bxf6 21. Na4 Qc6 22. dxc5 Be7 23. Nb6 Rb8 24. b4 Bd8 25. c4 Bxb6 26. cxd5 exd5 27. Qxa6 Rfc8 28. cxb6 Rxb6 29. Qa3 Rcb8 30. Rb1 Qd6 31. Qc3 d4 32. Qd2 Rxb4 33. Rxb4 Qxb4 34. Qxb4 Rxb4 35. Kg1 Rb2 36. Ra1 Kf8 37. a4 Ke7 38. a5 Rb7 39. a6 Ra7 40. Kf2 Kd6 41. Ke2 Kd5 42. Kd3 Kc5 43. h4 f6 44. Ra2 Kb6 45. Ra3 g5 46. Kxd4 gxh4 47. Ke4 Re7+ 48. Kf5 Ka7 49. Kxf6 Re2 50. Kg5 Rxg2+ 51. Kxh4 Rh2+ 52. Kg3 Rh1 53. Ra4 Rg1+ 54. Kh4 Rh1+ 55. Kg5 Rh2 56. f4 h4 57. Kg4 h3 58. Ra3 Rh1 59. Rxh3 Rg1+ 60. Kf5 Kxa6 61. Rb3 Rf1 62. Ke5 Rf2 63. f5 Re2+ 64. Kf6 Rf2 65. Ke6 Re2+ 66. Kf7 Rf2 67. f6 Rf1 68. Ke7 Ka5 69. f7 Re1+ 70. Kf8 Rf1 71. Rb8 Rf2 72. Kg7 Rg2+ 73. Kh6 Rh2+ 74. Kg5 Rg2+ 75. Kh4 1-0

[Event "Polanica Zdroj op-B 58th"]
[Site "Polanica Zdroj"]
[Date "2022.08.17"]
[Round "5"]
[White "Lewandrowski, Tomasz"]
[Black "Wesolek, Krzysztof"]
[Result "1/2-1/2"]
[WhiteElo "1902"]
[BlackElo "1747"]
[PlyCount "93"]
[EventDate "2022.08.13"]
[EventType "swiss"]
[EventRounds "9"]
[EventCountry "POL"]
[SourceTitle "CBM 210 Extra"]
[Source "ChessBase"]
[SourceDate "2022.11.30"]
[SourceVersion "1"]
[SourceVersionDate "2022.11.30"]
[SourceQuality "1"]

1. d4 d5 2. Nc3 Nf6 3. Bf4 a6 4. e3 e6 5. h4 c5 6. dxc5 Bxc5 7. Qd2 Nbd7 8. 0-0-0 b5 9. f3 Bb7 10. g4 Rc8 11. Kb1 Qe7 12. h5 h6 13. g5 hxg5 14. Bxg5 Bb4 15. Nge2 Ne5 16. Bg2 Nc4 17. Qd3 Nxb2 18. Kxb2 Bxc3+ 19. Nxc3 Qb4+ 20. Ka1 Rxc3 21. Qe2 Rc4 22. Rd3 Rxh5 23. Rxh5 Nxh5 24. e4 Qc5 25. Kb1 Nf6 26. e5 Nd7 27. f4 g6 28. Rh3 Qd4 29. Rh8+ Nf8 30. Bh6 Rb4+ 31. Kc1 Qa1+ 32. Kd2 Rd4+ 33. Ke3 Qc3+ 34. Kf2 Rd2 35. Rxf8+ Ke7 36. Rb8 Rxe2+ 37. Kxe2 Qxc2+ 38. Kf1 Qd1+ 39. Kf2 Qd2+ 40. Kg3 Qe1+ 41. Kg4 Qd1+ 42. Kg3 Bc6 43. Bg5+ Kd7 44. Rf8 Kc7 45. Bd8+ Kd7 46. Bg5 Kc7 47. Bd8+ 1/2-1/2

[Event "Polanica Zdroj op-B 58th"]
[Site "Polanica Zdroj"]
[Date "2022.08.13"]
[Round "1"]
[White "Lewandrowski, Tomasz"]
[Black "Smukowski, Bartosz"]
[Result "0-1"]
[WhiteElo "1902"]
[BlackElo "1696"]
[PlyCount "94"]
[EventDate "2022.08.13"]
[EventType "swiss"]
[EventRounds "9"]
[EventCountry "POL"]
[SourceTitle "CBM 210 Extra"]
[Source "ChessBase"]
[SourceDate "2022.11.30"]
[SourceVersion "1"]
[SourceVersionDate "2022.11.30"]
[SourceQuality "1"]

1. d4 Nf6 2. Nc3 d5 3. Bf4 Bf5 4. e3 e6 5. f3 h5 6. Bd3 Bd6 7. Nge2 Bxd3 8. Qxd3 a6 9. Bg5 c5 10. e4 cxd4 11. Nxd4 dxe4 12. fxe4 Be5 13. 0-0-0 Qxd4 14. Qxd4 Bxd4 15. Rxd4 Nc6 16. Bxf6 gxf6 17. Rd2 Rd8 18. Rhd1 Ke7 19. Na4 Rxd2 20. Rxd2 Nb8 21. Rd3 Nd7 22. Rc3 b5 23. Nc5 Nxc5 24. Rxc5 Kd6 25. b4 Rg8 26. Rxh5 Rxg2 27. Rh7 Ke5 28. h4 Kxe4 29. Rxf7 f5 30. Ra7 f4 31. Rxa6 e5 32. Kd1 Rh2 33. a4 Ke3 34. c4 bxc4 35. b5 Rxh4 36. Re6 e4 37. b6 Kd3 38. Rd6+ Kc3 39. Re6 f3 40. Ke1 Kd3 41. b7 Rh1+ 42. Kf2 Rh2+ 43. Kg3 Rg2+ 44. Kh3 Rb2 45. Re7 f2 46. Kg2 e3 47. a5 Ke2 0-1

[Event "Warsaw Najdorf Memorial op-A"]
[Site "Warsaw"]
[Date "2022.07.15"]
[Round "7"]
[White "Lewandrowski, Tomasz"]
[Black "Basiaga, Sebastian"]
[Result "1-0"]
[WhiteElo "1902"]
[BlackElo "1770"]
[PlyCount "87"]
[EventDate "2022.07.09"]
[EventType "swiss"]
[EventRounds "9"]
[EventCountry "POL"]
[SourceTitle "CBM 209 Extra"]
[Source "ChessBase"]
[SourceDate "2022.09.30"]
[SourceVersion "1"]
[SourceVersionDate "2022.09.30"]
[SourceQuality "1"]

1. d4 d5 2. Nc3 Nf6 3. Bf4 Bf5 4. e3 e6 5. f3 a6 6. g4 Bg6 7. h4 h5 8. g5 Nfd7 9. Bd3 Bxd3 10. Qxd3 Nc6 11. 0-0-0 Nb6 12. e4 Qd7 13. a3 0-0-0 14. Nge2 g6 15. Be5 Rg8 16. f4 Nc4 17. Bf6 Be7 18. f5 gxf5 19. exd5 exd5 20. Bxe7 Nxe7 21. Nf4 Rh8 22. Rhe1 c6 23. Qh3 Ng6 24. Nd3 Nd6 25. Na4 Kb8 26. Nac5 Qc8 27. Ne5 Nxe5 28. Rxe5 Ne4 29. Qxf5 Nxc5 30. dxc5 Qxf5 31. Rxf5 Rd7 32. c4 d4 33. Rdf1 d3 34. Rxf7 Rhd8 35. Rxd7 Rxd7 36. Rf8+ Ka7 37. Rh8 Rd4 38. Rxh5 Rxc4+ 39. Kd2 Rc2+ 40. Kxd3 Rxb2 41. g6 Rb3+ 42. Kc4 Rxa3 43. g7 Rg3 44. Rg5 1-0

[Event "Warsaw Najdorf Memorial op-A"]
[Site "Warsaw"]
[Date "2022.07.14"]
[Round "6"]
[White "Niezhentsev, Kyrylo"]
[Black "Lewandrowski, Tomasz"]
[Result "1-0"]
[WhiteElo "1721"]
[BlackElo "1902"]
[PlyCount "47"]
[EventDate "2022.07.09"]
[EventType "swiss"]
[EventRounds "9"]
[EventCountry "POL"]
[SourceTitle "CBM 209 Extra"]
[Source "ChessBase"]
[SourceDate "2022.09.30"]
[SourceVersion "1"]
[SourceVersionDate "2022.09.30"]
[SourceQuality "1"]

1. c4 c5 2. g3 Nc6 3. Bg2 Nf6 4. Nf3 g6 5. 0-0 Bg7 6. d4 cxd4 7. Nxd4 0-0 8. Nc3 a6 9. e3 Rb8 10. a4 Qc7 11. b3 d6 12. Ba3 Ne5 13. Qd2 Ned7 14. Rac1 Re8 15. Nd5 Nxd5 16. cxd5 Qb6 17. a5 Qd8 18. Nc6 bxc6 19. dxc6 Nc5 20. Bxc5 Rxb3 21. Bb6 Rxb6 22. c7 Qd7 23. axb6 d5 24. Qxd5 1-0

[Event "Warsaw Najdorf Memorial op-A"]
[Site "Warsaw"]
[Date "2022.07.13"]
[Round "5"]
[White "Lewandrowski, Tomasz"]
[Black "Rejniak, Zuzanna"]
[Result "1-0"]
[WhiteElo "1902"]
[BlackElo "1813"]
[PlyCount "83"]
[EventDate "2022.07.09"]
[EventType "swiss"]
[EventRounds "9"]
[EventCountry "POL"]
[SourceTitle "CBM 209 Extra"]
[Source "ChessBase"]
[SourceDate "2022.09.30"]
[SourceVersion "1"]
[SourceVersionDate "2022.09.30"]
[SourceQuality "1"]

1. d4 Nf6 2. Nc3 d5 3. Bf4 e6 4. Nb5 Na6 5. e3 Be7 6. h4 Ne4 7. Bd3 c6 8. Bxe4 cxb5 9. Bd3 Qa5+ 10. Kf1 Nb4 11. Nf3 Nxd3 12. Qxd3 f6 13. g3 Bd7 14. Kg2 Bc6 15. Kh2 g6 16. Nd2 0-0-0 17. a4 bxa4 18. Rhc1 h6 19. g4 g5 20. Bg3 gxh4 21. Bxh4 h5 22. g5 fxg5 23. Bg3 h4 24. Be5 Rdf8 25. f4 Rhg8 26. c4 gxf4 27. Nb3 Qa6 28. Qh7 Kd8 29. Nc5 Bxc5 30. Qc7+ Ke8 31. dxc5 Bd7 32. Bd6 Qc6 33. Qb8+ Qc8 34. Qxa7 Rf7 35. exf4 dxc4 36. Be5 h3 37. Rg1 Rg2+ 38. Kxh3 Rxg1 39. Rxg1 Rf8 40. Rg3 Qc6 41. Kh2 Rf7 42. Rh3 1-0

[Event "Warsaw Najdorf Memorial op-A"]
[Site "Warsaw"]
[Date "2022.07.11"]
[Round "3"]
[White "Lewandrowski, Tomasz"]
[Black "Pires, Emanuel Joao Robart"]
[Result "1/2-1/2"]
[WhiteElo "1902"]
[BlackElo "2062"]
[PlyCount "161"]
[EventDate "2022.07.09"]
[EventType "swiss"]
[EventRounds "9"]
[EventCountry "POL"]
[SourceTitle "CBM 209 Extra"]
[Source "ChessBase"]
[SourceDate "2022.09.30"]
[SourceVersion "1"]
[SourceVersionDate "2022.09.30"]
[SourceQuality "1"]

1. d4 d5 2. Nc3 Nf6 3. Bf4 c6 4. e3 Bf5 5. f3 e6 6. g4 Bg6 7. h4 h6 8. Bd3 Bxd3 9. Qxd3 Bd6 10. Nge2 Qc7 11. Bxd6 Qxd6 12. 0-0-0 Nbd7 13. g5 Nh5 14. e4 Nf4 15. Qe3 Nxe2+ 16. Nxe2 0-0-0 17. e5 Qb4 18. g6 fxg6 19. Nf4 Nf8 20. Rdg1 Rd7 21. Nxg6 Nxg6 22. Rxg6 Rf7 23. Qd3 Rhf8 24. a3 Qe7 25. Rh3 Rf4 26. h5 R8f7 27. c3 R7f5 28. Rhg3 Qh4 29. Rxg7 Qxh5 30. Rg8+ Kc7 31. R8g7+ Kc8 32. Rg8+ Kc7 33. R8g7+ Kb6 34. Qd1 Rf7 35. Qb3+ Kc7 36. Qb4 Qf5 37. Qf8 Kb6 38. Rxf7 Qxf7 39. Qxh6 Rxf3 40. Rxf3 Qxf3 41. Qf6 Qh3 42. Qf8 Ka6 43. Kb1 Kb6 44. Ka2 Qd3 45. Qc5+ Ka6 46. a4 Qc2 47. Ka3 Qc1 48. Qd6 Ka5 49. Qc7+ Ka6 50. Kb3 Qf1 51. Qd6 Qc4+ 52. Ka3 b5 53. axb5+ Qxb5 54. b3 Qa5+ 55. Kb2 Qb5 56. Qxe6 Qe2+ 57. Ka3 Kb6 58. Qg6 Qe1 59. Kb2 a5 60. Qc2 Qe3 61. Ka3 Qe1 62. Qb2 Kb5 63. Ka2 Qe3 64. Qc2 Qe1 65. c4+ dxc4 66. Qxc4+ Kb6 67. Qc5+ Kb7 68. Kb2 Qd2+ 69. Ka3 Qe1 70. b4 Qa1+ 71. Kb3 a4+ 72. Kc4 a3 73. Qe7+ Ka6 74. Qd8 a2 75. Qa8+ Kb6 76. Qb8+ Ka6 77. b5+ cxb5+ 78. Qxb5+ Ka7 79. Qd7+ Ka6 80. Qc6+ Ka7 81. Qc7+ 1/2-1/2

[Event "Warsaw Maciei Memorial"]
[Site "Warsaw"]
[Date "2022.07.08"]
[Round "2"]
[White "Heberla, Bartlomiej"]
[Black "Lewandrowski, Tomasz"]
[Result "1-0"]
[WhiteElo "2577"]
[BlackElo "1902"]
[PlyCount "41"]
[EventDate "2022.07.08"]
[EventType "swiss (blitz)"]
[EventRounds "11"]
[EventCountry "POL"]
[SourceTitle "CBM 209 Extra"]
[Source "ChessBase"]
[SourceDate "2022.09.30"]
[SourceVersion "1"]
[SourceVersionDate "2022.09.30"]
[SourceQuality "1"]

1. d4 d5 2. c4 e6 3. Nc3 Be7 4. Nf3 Nf6 5. Bg5 h6 6. Bxf6 Bxf6 7. Qd2 0-0 8. h4 b6 9. g4 c5 10. cxd5 exd5 11. g5 hxg5 12. hxg5 Bxd4 13. Nxd4 cxd4 14. Qxd4 Qxg5 15. Qxd5 Qxd5 16. Nxd5 Nc6 17. Rc1 Rd8 18. Bg2 Bb7 19. Rxc6 Bxc6 20. Ne7+ Kf8 21. Nxc6 1-0

[Event "Warsaw YMCA Spring-A 257th"]
[Site "Warsaw"]
[Date "2022.06.23"]
[Round "9"]
[White "Podgorski, Maciej"]
[Black "Lewandrowski, Tomasz"]
[Result "0-1"]
[WhiteElo "1997"]
[BlackElo "1908"]
[PlyCount "68"]
[EventDate "2022.04.08"]
[EventType "tourn"]
[EventRounds "11"]
[EventCountry "POL"]
[SourceTitle "EXT 2023"]
[Source "ChessBase"]
[SourceDate "2022.10.05"]
[SourceVersion "1"]
[SourceVersionDate "2022.10.05"]
[SourceQuality "1"]

1. e4 c5 2. Nc3 Nc6 3. Nge2 e5 4. Ng3 Nf6 5. Bc4 d6 6. d3 Be7 7. 0-0 h5 8. Bg5 Bg4 9. f3 Be6 10. f4 Bg4 11. Qd2 h4 12. Nf5 Bxf5 13. exf5 h3 14. g3 exf4 15. Rxf4 Ne5 16. Re1 Kf8 17. Qf2 Qb6 18. Bb3 Qc6 19. Re2 Rb8 20. d4 cxd4 21. Qxd4 Bd8 22. Nd5 Nxd5 23. Bxd5 Qa6 24. Bc4 Nxc4 25. Bxd8 Ne5 26. Ba5 Re8 27. Rxe5 dxe5 28. Bb4+ Kg8 29. Qe3 Qc6 30. Rf2 Rh6 31. g4 Qc4 32. Be1 Qxg4+ 33. Kh1 Rd6 34. Rf1 Qg2# 0-1

[Event "Warsaw YMCA Spring-A 257th"]
[Site "Warsaw"]
[Date "2022.04.08"]
[Round "1"]
[White "Lewandrowski, Tomasz"]
[Black "Dunalewicz, Pawel"]
[Result "1-0"]
[WhiteElo "1908"]
[BlackElo "1879"]
[PlyCount "61"]
[EventDate "2022.04.08"]
[EventType "tourn"]
[EventRounds "11"]
[EventCountry "POL"]
[SourceTitle "EXT 2023"]
[Source "ChessBase"]
[SourceDate "2022.10.05"]
[SourceVersion "1"]
[SourceVersionDate "2022.10.05"]
[SourceQuality "1"]

1. d4 d5 2. Nf3 Nf6 3. e3 Bf5 4. c4 e6 5. Qb3 Qc8 6. Nc3 c6 7. Bd2 Nbd7 8. Nh4 Bg6 9. Nxg6 hxg6 10. cxd5 exd5 11. e4 Nb6 12. e5 Ng4 13. h3 Be7 14. Bd3 Qe6 15. 0-0 Nh6 16. Bxh6 Rxh6 17. a4 Rb8 18. a5 Nd7 19. f4 Rh5 20. Be2 Rh4 21. Qd1 g5 22. f5 Qh6 23. Bg4 Rd8 24. Qe2 Nf8 25. f6 Bb4 26. Nb5 Rxg4 27. hxg4 Ne6 28. a6 Nf4 29. Rxf4 gxf4 30. Nd6+ Kf8 31. Nf5 1-0

[Event "Warsaw YMCA Autumn-A2 252nd"]
[Site "Warsaw"]
[Date "2021.11.26"]
[Round "10"]
[White "Matyszkiewicz, Wiktor"]
[Black "Lewandrowski, Tomasz"]
[Result "1/2-1/2"]
[WhiteElo "1756"]
[BlackElo "1814"]
[PlyCount "107"]
[EventDate "2021.10.01"]
[EventType "tourn"]
[EventRounds "13"]
[EventCountry "POL"]
[SourceTitle "EXT 2023"]
[Source "ChessBase"]
[SourceDate "2022.10.05"]
[SourceVersion "1"]
[SourceVersionDate "2022.10.05"]
[SourceQuality "1"]

1. e4 c5 2. Nf3 Nc6 3. d4 cxd4 4. Nxd4 e5 5. Nb5 d6 6. N1c3 a6 7. Na3 b5 8. Nd5 Be6 9. c3 Nf6 10. Bg5 Bxd5 11. Bxf6 gxf6 12. Qxd5 Rc8 13. Nc2 Qb6 14. Be2 Ne7 15. Qb3 Bh6 16. a4 0-0 17. 0-0 Rb8 18. axb5 axb5 19. Nb4 Ra8 20. Nd5 Nxd5 21. Qxd5 Rxa1 22. Rxa1 Rb8 23. Rd1 Bf8 24. Bg4 Qc5 25. Qd3 Qc4 26. Qh3 Kh8 27. Bf5 h6 28. Qh5 Rb6 29. Rd5 Qc7 30. Rd3 Rb8 31. Qg4 Bg7 32. Qd1 Bf8 33. h4 Qd8 34. Qh5 Qe7 35. Qg4 Bg7 36. Qd1 Bf8 37. Qb3 Qa7 38. g4 Kg7 39. Qd1 Be7 40. g5 fxg5 41. hxg5 Rh8 42. gxh6+ Rxh6 43. Qg4+ Kf8 44. Rh3 Rxh3 45. Qxh3 Bf6 46. b4 Ke7 47. Kg2 Qc7 48. Bg4 Bg5 49. Be2 Qc6 50. Qd3 f5 51. Qxb5 Qxb5 52. Bxb5 fxe4 53. Bc6 Bd2 54. Bxe4 1/2-1/2

[Event "Warsaw YMCA Autumn-A2 252nd"]
[Site "Warsaw"]
[Date "2021.10.01"]
[Round "1"]
[White "Lewandrowski, Tomasz"]
[Black "Adamski, Adam"]
[Result "1-0"]
[WhiteElo "1814"]
[BlackElo "1704"]
[PlyCount "103"]
[EventDate "2021.10.01"]
[EventType "tourn"]
[EventRounds "13"]
[EventCountry "POL"]
[SourceTitle "EXT 2023"]
[Source "ChessBase"]
[SourceDate "2022.10.05"]
[SourceVersion "1"]
[SourceVersionDate "2022.10.05"]
[SourceQuality "1"]

1. d4 Nf6 2. Bf4 c5 3. d5 Qb6 4. Nc3 Qxb2 5. Bd2 Qb6 6. e4 d6 7. f4 Bg4 8. Qc1 g6 9. Rb1 Qc7 10. Bb5+ Bd7 11. Bc4 Bg7 12. Nf3 0-0 13. 0-0 Bg4 14. Ne1 Nfd7 15. Nb5 Qc8 16. h3 Nb6 17. Nxa7 Rxa7 18. Rxb6 Qc7 19. Qb1 Bc8 20. Nf3 Nd7 21. Rb3 b6 22. e5 Ba6 23. Bxa6 Rxa6 24. e6 fxe6 25. Ng5 exd5 26. Ne6 Qa7 27. Nxf8 Nxf8 28. Re1 e6 29. a4 Rxa4 30. Rxb6 Ra1 31. Qb5 c4 32. Kh2 Rxe1 33. Bxe1 Qa1 34. Bg3 Bd4 35. Qb1 Qa3 36. Rb8 Qe3 37. Qe1 Qxe1 38. Bxe1 Bc5 39. Bh4 g5 40. Bxg5 Kf7 41. Rb7+ Kg6 42. Be7 Kf5 43. Bxf8 Kxf4 44. Bh6+ Ke4 45. Rxh7 d4 46. Bc1 d3 47. Rh4+ Kd5 48. c3 e5 49. Kg3 e4 50. Kf4 Ba3 51. Bd2 Kc5 52. Be3+ 1-0

[Event "Polanica Zdroj op-D 56th"]
[Site "Polanica Zdroj"]
[Date "2020.08.23"]
[Round "9"]
[White "Zarzecki, Dymitr Stanislaw"]
[Black "Lewandrowski, Tomasz"]
[Result "1-0"]
[WhiteElo "1596"]
[BlackElo "1879"]
[PlyCount "75"]
[EventDate "2020.08.15"]
[EventType "swiss"]
[EventRounds "9"]
[EventCountry "POL"]
[SourceTitle "CBM 198 Extra"]
[Source "ChessBase"]
[SourceDate "2020.11.30"]
[SourceVersion "1"]
[SourceVersionDate "2020.11.30"]
[SourceQuality "1"]

1. e4 e5 2. Nf3 Nc6 3. Bb5 Nf6 4. d3 Bc5 5. 0-0 d6 6. h3 h6 7. c3 0-0 8. Re1 Bb6 9. Nbd2 Ne7 10. Nf1 Ng6 11. d4 c6 12. Ba4 Be6 13. Bc2 Qd7 14. Ng3 Rae8 15. a4 a5 16. Nf5 Kh8 17. Ng3 Rg8 18. Be3 Bc7 19. dxe5 dxe5 20. Qxd7 Nxd7 21. Rad1 Nb6 22. Nf5 f6 23. N3h4 Nf4 24. Bxf4 exf4 25. Ng6+ Kh7 26. Nfe7 Nc8 27. e5 f5 28. Nxf5 Kxg6 29. Nd6+ Kg5 30. h4+ Kxh4 31. g3+ Kg4 32. Rd4 g5 33. Kg2 Bd5+ 34. Rxd5 f3+ 35. Kh2 cxd5 36. Bf5+ Kh5 37. g4+ Kh4 38. Rh1 1-0

[Event "Polanica Zdroj op-C 56th"]
[Site "Polanica Zdroj"]
[Date "2020.08.20"]
[Round "6"]
[White "Barwinska, Ewa"]
[Black "Lewandrowski, Tomasz"]
[Result "1/2-1/2"]
[WhiteElo "1763"]
[BlackElo "1879"]
[PlyCount "79"]
[EventDate "2020.08.15"]
[EventType "swiss"]
[EventRounds "9"]
[EventCountry "POL"]
[SourceTitle "CBM 198 Extra"]
[Source "ChessBase"]
[SourceDate "2020.11.30"]
[SourceVersion "1"]
[SourceVersionDate "2020.11.30"]
[SourceQuality "1"]

1. e4 e5 2. Nf3 Nc6 3. Bb5 Nf6 4. d3 Bc5 5. Bxc6 dxc6 6. Nbd2 Bg4 7. h3 Bxf3 8. Nxf3 h6 9. Qe2 Qe7 10. Bd2 0-0-0 11. 0-0-0 Rhe8 12. Be3 Bd4 13. c3 Qc5 14. Kb1 Bxe3 15. fxe3 Qb5 16. Qc2 c5 17. Rhe1 c4 18. d4 Nd7 19. g4 f6 20. Nh4 Nb6 21. Nf5 Rd7 22. h4 g6 23. Ng3 Qc6 24. Qf2 exd4 25. exd4 Rde7 26. Re2 Nd7 27. Rde1 a5 28. Qf4 g5 29. Qf3 Kb8 30. Nf5 Rh7 31. h5 a4 32. a3 Qb6 33. Ne3 Qe6 34. Nf5 Qb6 35. Re3 Re6 36. R3e2 Qb3 37. Ka1 Rb6 38. Qg3 Nf8 39. Ne3 Ne6 40. Rd1 1/2-1/2

[Event "Polanica Zdroj op-D 56th"]
[Site "Polanica Zdroj"]
[Date "2020.08.20"]
[Round "6"]
[White "Lewandrowski, Tomasz"]
[Black "Grzebieniowski, Michal"]
[Result "1/2-1/2"]
[WhiteElo "1879"]
[BlackElo "1390"]
[PlyCount "37"]
[EventDate "2020.08.15"]
[EventType "swiss"]
[EventRounds "9"]
[EventCountry "POL"]
[SourceTitle "CBM 198 Extra"]
[Source "ChessBase"]
[SourceDate "2020.11.30"]
[SourceVersion "1"]
[SourceVersionDate "2020.11.30"]
[SourceQuality "1"]

1. e4 c6 2. d4 d5 3. exd5 cxd5 4. Bd3 Nc6 5. c3 Nf6 6. Ne2 Bg4 7. f3 Bh5 8. Nf4 Bg6 9. Nxg6 hxg6 10. 0-0 e6 11. Nd2 Bd6 12. h3 Nh5 13. Nb3 Qh4 14. Qe1 Bg3 15. Qe2 Bd6 16. Qf2 Bg3 17. Qc2 Bd6 18. Qf2 Bg3 19. Qc2 1/2-1/2

[Event "Polanica Zdroj op-C 56th"]
[Site "Polanica Zdroj"]
[Date "2020.08.19"]
[Round "5"]
[White "Lewandrowski, Tomasz"]
[Black "Plichta, Krzysztof"]
[Result "1/2-1/2"]
[WhiteElo "1879"]
[BlackElo "1605"]
[PlyCount "130"]
[EventDate "2020.08.15"]
[EventType "swiss"]
[EventRounds "9"]
[EventCountry "POL"]
[SourceTitle "CBM 198 Extra"]
[Source "ChessBase"]
[SourceDate "2020.11.30"]
[SourceVersion "1"]
[SourceVersionDate "2020.11.30"]
[SourceQuality "1"]

1. e4 c6 2. d4 d5 3. exd5 cxd5 4. Bd3 Nc6 5. c3 Qc7 6. Ne2 Bg4 7. Qb3 Bxe2 8. Bxe2 Nxd4 9. Qxd5 Nxe2 10. Qb5+ Qd7 11. Qxd7+ Kxd7 12. Kxe2 e6 13. Nd2 Bd6 14. Nc4 Rc8 15. Nxd6 Kxd6 16. Be3 b6 17. Rhd1+ Ke7 18. a4 Nf6 19. a5 Nd5 20. axb6 axb6 21. Ra7+ Kf6 22. Rda1 b5 23. Rb7 b4 24. Bd4+ e5 25. Ra6+ Kg5 26. Ra5 exd4 27. Rxd5+ Kg6 28. cxb4 Rc2+ 29. Kf3 Re8 30. Rd6+ Re6 31. Rbd7 Rxb2 32. Rxe6+ fxe6 33. Rxd4 Kf5 34. g3 e5 35. Rc4 Rb3+ 36. Kg2 h5 37. h3 g5 38. g4+ hxg4 39. hxg4+ Ke6 40. Rc6+ Kf7 41. Rb6 e4 42. Rb8 e3 43. fxe3 Rxe3 44. b5 Rb3 45. b6 Kg7 46. b7 Kh7 47. Kf2 Kg7 48. Ke2 Rb2+ 49. Kd3 Rb3+ 50. Kc4 Rb1 51. Kc5 Rc1+ 52. Kd6 Rd1+ 53. Ke6 Rb1 54. Rd8 Rxb7 55. Rd7+ Rxd7 56. Kxd7 Kf7 57. Kd6 Kf6 58. Kd5 Kf7 59. Ke5 Kg8 60. Kf5 Kh8 61. Kxg5 Kg7 62. Kf5 Kf7 63. g5 Kg7 64. g6 Kg8 65. Kg5 Kg7 1/2-1/2

[Event "Polanica Zdroj op-C 56th"]
[Site "Polanica Zdroj"]
[Date "2020.08.18"]
[Round "4"]
[White "Bartlomowicz, Jakub"]
[Black "Lewandrowski, Tomasz"]
[Result "1-0"]
[WhiteElo "1613"]
[BlackElo "1879"]
[PlyCount "43"]
[EventDate "2020.08.15"]
[EventType "swiss"]
[EventRounds "9"]
[EventCountry "POL"]
[SourceTitle "CBM 198 Extra"]
[Source "ChessBase"]
[SourceDate "2020.11.30"]
[SourceVersion "1"]
[SourceVersionDate "2020.11.30"]
[SourceQuality "1"]

1. e4 c5 2. Nf3 d6 3. d4 cxd4 4. Nxd4 Nf6 5. Nc3 a6 6. Bg5 e6 7. f4 Be7 8. Qf3 h6 9. Bh4 g5 10. fxg5 Ng8 11. 0-0-0 hxg5 12. Bg3 Nc6 13. Nxc6 bxc6 14. Bxd6 Qb6 15. Bxe7 Kxe7 16. Qg3 f6 17. e5 Qa5 18. exf6+ Nxf6 19. Qd6+ Kf7 20. Bc4 Ra7 21. Rhf1 Rd7 22. Bxe6+ 1-0